| 000 | 01902cam a22004574i 4500 | ||
|---|---|---|---|
| 003 | PE-LiUPU | ||
| 005 | 20250731184541.0 | ||
| 008 | 200123s1994 xxua r 000 0 spa d | ||
| 035 | _a(Sirsi) a252798 | ||
| 040 |
_aPE-LiUPU _bspa _cPE-LiUPU _erda |
||
| 049 | _aPRUA | ||
| 082 | 0 | 4 |
_a973 _bR4 _223 |
| 245 | 0 | 0 |
_aReseña de la historia de los Estados Unidos / _ceditor, Howard Cincotta. |
| 264 | 1 |
_aEstados Unidos: _bServicio Cultural e Informativo de los Estados Unidos, _c[1994]. |
|
| 300 |
_a407 páginas : _bilustraciones ; _c21 centímetros |
||
| 336 |
_atext _2rdacontent |
||
| 337 |
_aunmediated _2rdamedia |
||
| 338 |
_avolume _2rdacarrier |
||
| 505 | 0 | _aLos albores de norte américa -- El periodo colonial -- El camino de la independencia -- La formación de un gobierno nacional -- Expansión hacia el oeste y diferencias regionales -- Conflictos sectoriales -- Crecimiento y transformación -- Descontento y reforma -- Guerra, prosperidad y depresión -- El nuevo trato y guerra mundial -- Los estados unidos en la posguerra -- Decenios de cambios -- Hacia el siglo xxi -- Breve lista de lecturas sobre la historia de los Estados Unidos. | |
| 526 | _aP136 | ||
| 526 | _aP135 | ||
| 526 | _aP134 | ||
| 526 | _aP133 | ||
| 526 | _aP144 | ||
| 526 | _aP143 | ||
| 526 | _aP87 | ||
| 526 | _aP35 | ||
| 526 | _aP20 | ||
| 526 | _aP14 | ||
| 526 | _aP10 | ||
| 526 | _aP06 | ||
| 650 | 0 | 4 |
_aEstados Unidos _xHistoria. |
| 700 | 1 |
_aCincotta, Howard, _eeditor. |
|
| 910 |
_adbm _bksl _cksl _d20200123 |
||
| 942 |
_2ddc _cBOOK |
||
| 994 |
_aC0 _bPEPRU |
||
| 598 | _aCATALOGING | ||
| 596 | _a1 | ||
| 999 |
_a973 R4 _wDEWEY _c32018 _i80889 _f2021-11-11 _g3 _lCCODEBUL1 _mBUL _p25.00 _r0 _sY _tBOOK _u2020-1-23 _xTEOLOGIA _PP35 _0DONACION _o.STAFF. Colección Teología _d32018 |
||
| 980 |
_81 _gALBERTO SANCHEZ Responsable de Automatización |
||